000 00803nam a2200253Ia 4500
003 OSt
005 20220923211443.0
006 a|||||r|||| 00| 0
007 ta
008 Pun
020 _a9789350172742 (hbk)
_c150
024 _a281,401
037 _b902, 25/07/2014, Bright Book Service
_cTextual
040 _aARTS
_cARTS
_bPun
041 _2Pun
_aPun
082 _aO153,2N38,HE, Q0
100 _aਮੁਸਾਫਿਰ, ਨਾਗ਼ਰ ਸਿੰਘ
245 0 _aਹੀਰ
260 _aਚੰਡੀਗੜ
_b ਲੋਕਗੀਤ
_c2010
300 _a111ਪੰ
_ccm.
650 _aਪੰਜਾਬੀ ਸਾਹਿਤ
942 _hO153,2N38,HE, Q0
_cTEXL
_2CC
999 _c299692
_d299692